<?xml version="1.0" encoding="UTF-8"?>
<record
    xmlns:xsi="http://www.w3.org/2001/XMLSchema-instance"
    xsi:schemaLocation="http://www.loc.gov/MARC21/slim http://www.loc.gov/standards/marcxml/schema/MARC21slim.xsd"
    xmlns="http://www.loc.gov/MARC21/slim">

  <leader>00668nam a22001337a 4500</leader>
  <datafield tag="040" ind1=" " ind2=" ">
    <subfield code="c">RUA</subfield>
  </datafield>
  <datafield tag="082" ind1=" " ind2=" ">
    <subfield code="a">AVM CHH 2018 B658 Or.1</subfield>
  </datafield>
  <datafield tag="100" ind1=" " ind2=" ">
    <subfield code="a">CHHOUN SREYTOUCH  &#x1788;&#x17BD;&#x1793; &#x179F;&#x17D2;&#x179A;&#x17B8;&#x178F;&#x17BC;&#x1785;</subfield>
  </datafield>
  <datafield tag="245" ind1=" " ind2=" ">
    <subfield code="a">antimicrobial resistance of pseudomonas in pig semen at tramkak district,takeo province  &#x1797;&#x17B6;&#x1796;&#x179F;&#x17BB;&#x17C6;&#x17B6;&#x1793;&#x17C3; pseudomonas &#x1791;&#x179B;&#x17CB;&#x1793;&#x17BA;&#x1784;&#x17AA;&#x179F;&#x1790;&#x1780;&#x17D2;&#x1793;&#x17BB;&#x1784;&#x1791;&#x17B9;&#x1780;&#x1780;&#x17B6;&#x1798; &#x1787;&#x17D2;&#x179A;&#x17BC;&#x1780;&#x200B; &#x1793;&#x17C5;&#x179F;&#x17D2;&#x179A;&#x17BB;&#x1780;&#x178F;&#x17D2;&#x179A;&#x17B6;&#x17C6;&#x1780;&#x1780;&#x17CB; &#x1781;&#x17C1;&#x178F;&#x17D2;&#x178F;&#x1780;&#x17C2;&#x179C;</subfield>
  </datafield>
  <datafield tag="260" ind1=" " ind2=" ">
    <subfield code="a">RUA</subfield>
    <subfield code="b">PHNOM PENH </subfield>
    <subfield code="c">2018</subfield>
  </datafield>
  <datafield tag="300" ind1=" " ind2=" ">
    <subfield code="a">X;31P</subfield>
    <subfield code="b">ill;</subfield>
    <subfield code="c">29cm</subfield>
  </datafield>
  <datafield tag="856" ind1=" " ind2=" ">
    <subfield code="u">https://drive.google.com/file/d/1DILUcHnFJzCj5TcFPAE7fd62mWU3t3v2/view?usp=sharing</subfield>
  </datafield>
  <datafield tag="942" ind1=" " ind2=" ">
    <subfield code="c">AVM</subfield>
  </datafield>
  <datafield tag="999" ind1=" " ind2=" ">
    <subfield code="c">18926</subfield>
    <subfield code="d">18926</subfield>
  </datafield>
  <datafield tag="952" ind1=" " ind2=" ">
    <subfield code="0">0</subfield>
    <subfield code="1">0</subfield>
    <subfield code="2">ddc</subfield>
    <subfield code="4">0</subfield>
    <subfield code="6">AVM_CHH_2018_000000000000000_B658_OR</subfield>
    <subfield code="7">0</subfield>
    <subfield code="9">83642</subfield>
    <subfield code="a">LBB</subfield>
    <subfield code="b">LBB</subfield>
    <subfield code="c">B658</subfield>
    <subfield code="d">2020-02-11</subfield>
    <subfield code="o">AVM CHH 2018 B658 Or.</subfield>
    <subfield code="p">A42355</subfield>
    <subfield code="r">2020-02-11</subfield>
    <subfield code="w">2020-02-11</subfield>
    <subfield code="y">AVM</subfield>
  </datafield>
  <datafield tag="952" ind1=" " ind2=" ">
    <subfield code="0">0</subfield>
    <subfield code="1">0</subfield>
    <subfield code="2">ddc</subfield>
    <subfield code="4">0</subfield>
    <subfield code="6">AVM_CHH_2018_000000000000000_B658_OR</subfield>
    <subfield code="7">0</subfield>
    <subfield code="9">83643</subfield>
    <subfield code="a">LBB</subfield>
    <subfield code="b">LBB</subfield>
    <subfield code="c">B658</subfield>
    <subfield code="d">2020-02-11</subfield>
    <subfield code="o">AVM CHH 2018 B658 Or.</subfield>
    <subfield code="p">A43139</subfield>
    <subfield code="r">2020-02-11</subfield>
    <subfield code="w">2020-02-11</subfield>
    <subfield code="y">AVM</subfield>
  </datafield>
  <datafield tag="952" ind1=" " ind2=" ">
    <subfield code="0">0</subfield>
    <subfield code="1">0</subfield>
    <subfield code="2">ddc</subfield>
    <subfield code="4">0</subfield>
    <subfield code="6">AVM_CHH_2018_000000000000000_B658_OR</subfield>
    <subfield code="7">0</subfield>
    <subfield code="9">83644</subfield>
    <subfield code="a">LBB</subfield>
    <subfield code="b">LBB</subfield>
    <subfield code="c">B658</subfield>
    <subfield code="d">2020-02-11</subfield>
    <subfield code="o">AVM CHH 2018 B658 Or.</subfield>
    <subfield code="p">A43743</subfield>
    <subfield code="r">2020-02-11</subfield>
    <subfield code="w">2020-02-11</subfield>
    <subfield code="y">AVM</subfield>
  </datafield>
  <datafield tag="952" ind1=" " ind2=" ">
    <subfield code="0">0</subfield>
    <subfield code="1">0</subfield>
    <subfield code="2">ddc</subfield>
    <subfield code="4">0</subfield>
    <subfield code="6">AVM_CHH_2018_000000000000000_B658_OR</subfield>
    <subfield code="7">0</subfield>
    <subfield code="9">83645</subfield>
    <subfield code="a">LBB</subfield>
    <subfield code="b">LBB</subfield>
    <subfield code="c">B658</subfield>
    <subfield code="d">2020-02-11</subfield>
    <subfield code="l">2</subfield>
    <subfield code="o">AVM CHH 2018 B658 Or.</subfield>
    <subfield code="p">A43237</subfield>
    <subfield code="r">2021-11-08</subfield>
    <subfield code="s">2021-10-22</subfield>
    <subfield code="w">2020-02-11</subfield>
    <subfield code="y">AVM</subfield>
  </datafield>
  <datafield tag="952" ind1=" " ind2=" ">
    <subfield code="0">0</subfield>
    <subfield code="1">0</subfield>
    <subfield code="2">ddc</subfield>
    <subfield code="4">0</subfield>
    <subfield code="6">AVM_CHH_2018_000000000000000_B658_OR</subfield>
    <subfield code="7">0</subfield>
    <subfield code="9">83646</subfield>
    <subfield code="a">LBB</subfield>
    <subfield code="b">LBB</subfield>
    <subfield code="c">B658</subfield>
    <subfield code="d">2020-02-11</subfield>
    <subfield code="l">2</subfield>
    <subfield code="o">AVM CHH 2018 B658 Or.</subfield>
    <subfield code="p">A43462</subfield>
    <subfield code="r">2024-08-08</subfield>
    <subfield code="s">2024-07-29</subfield>
    <subfield code="w">2020-02-11</subfield>
    <subfield code="y">AVM</subfield>
  </datafield>
  <datafield tag="952" ind1=" " ind2=" ">
    <subfield code="0">0</subfield>
    <subfield code="1">0</subfield>
    <subfield code="2">ddc</subfield>
    <subfield code="4">0</subfield>
    <subfield code="6">AVM_CHH_2018_000000000000000_B658_OR</subfield>
    <subfield code="7">0</subfield>
    <subfield code="9">83647</subfield>
    <subfield code="a">LBB</subfield>
    <subfield code="b">LBB</subfield>
    <subfield code="c">B658</subfield>
    <subfield code="d">2020-02-11</subfield>
    <subfield code="o">AVM CHH 2018 B658 Or.</subfield>
    <subfield code="p">A43537</subfield>
    <subfield code="r">2020-02-11</subfield>
    <subfield code="w">2020-02-11</subfield>
    <subfield code="y">AVM</subfield>
  </datafield>
</record>
